Biggest Countries in Southeast Asia by Area - Sudden Death - Statistics

General Stats
  • This quiz has been taken 45 times
  • The average score is 5 of 7
Answers on the Grid
Answers color-coded by a green-red scale on the quiz's grid according to % correct below.
Myanmar
Brunei
Cambodia
Laos
Philippines
Indonesia
Thailand
Singapore
Malaysia
Vietnam
East Timor
 
Answer Stats
Answer % Correct
Thailand
100%
Indonesia
91%
Malaysia
91%
Vietnam
91%
Philippines
73%
Myanmar
64%
Laos
36%
No matching quizzes found
Score Distribution
Percent of People with Each Score
Percentile by Number Answered
Your Score History
You have not taken this quiz